000 01272cam a2200397 a 4500
001 3164
003 FISKH
005 20250211153449.0
008 980219s1999 nyua b 000 1 eng
010 _a 98014313
020 _a067988999X (trade)
020 _a0679989994 (glb)
020 _a9780439106306
035 _a(DLC) 98014313
040 _aDLC
_cDLC
_dDLC
_beng
042 _alcac
050 0 0 _aPZ7.S1185
_bMao 1999
082 0 0 _a[Fic]
_221
100 1 _aSachar, Louis,
_d1954-
245 1 0 _aClass president /
_bMarvin Redpost,
_cby Louis Sachar
246 3 0 _aClass president
260 _aNew York :
_bScholastic,
_c1999
300 _a67 pages :
_billustrations,
_c20 cm
490 _aMarvin Redpost
_vBook 5
500 _a"A Stepping Stone book."
505 _aH
520 _aEven though they have all come to school in holey clothes, Marvin and his third grade class manage to impress their surprise visitor--the President of the United States.
521 8 _a430
_bLexile
521 8 _aH
_bRaz-Plus
650 1 _aSchools
_xFiction.
650 1 _aPresidents
_xFiction.
650 1 _aCitizenship
_xFiction.
700 1 _aWummer, Amy,
_eillustrator
906 _a7
_bcbc
_corignew
_d1
_eocip
_f19
_gy-gencatlg
942 _2ddc
_cBK
_n0
999 _c3164
_d3164